Statistics for Познай държавите в Южна Америка

Click here to take the quiz!

General Stats

  • This quiz has been taken 282 times
  • The average score is 9 of 12

Answers on the Map

Answers color-coded by a green-red scale on the quiz's map according to % correct below.
 

Answer Stats

Answer% Correct
Бразилия
96%
Аржентина
95%
Чили
90%
Еквадор
74%
Перу
72%
Венецуела
70%
Колумбия
70%
Боливия
69%
Уругвай
69%
Парагвай
66%
Гаяна
60%
Суринам
52%

Score Distribution

Percentile by Number Answered

Percent of People with Each Score

Your Score History

You have not taken this quiz